[Event "Internet Section 10A g/8'+2\""]
[Site "Dos Hermanas"]
[Date "2004.03.10"]
[Round "5"]
[White "Lacasa Diaz, Jose Antonio"]
[Black "Kosteniuk, Alexandra"]
[Result "1/2-1/2"]
[WhiteElo "2413"]
[BlackElo "2451"]
[PlyCount "205"]
[EventDate "2004.03.10"]
[EventType "swiss (blitz)"]
[EventRounds "9"]
[EventCountry "ESP"]
[SourceTitle "EXT 2005"]
[Source "ChessBase"]
[SourceDate "2004.11.15"]
[SourceVersion "1"]
[SourceVersionDate "2004.11.15"]
[SourceQuality "1"]

1. e4 c5 2. Nf3 d6 3. d4 cxd4 4. Nxd4 Nf6 5. Nc3 a6 6. Be3 e6 7. Be2 Be7 8. f4
Qc7 9. O-O O-O 10. Kh1 b5 11. Bf3 Bb7 12. e5 dxe5 13. Bxb7 Qxb7 14. fxe5 Nfd7
15. Qg4 Nxe5 16. Qf4 Ng6 17. Qg3 Nd7 18. Rad1 Nf6 19. a3 Rad8 20. h3 Bd6 21.
Qf3 Qxf3 22. Nxf3 Bc7 23. Nd4 Ne5 24. Bf4 Rd7 25. Nf3 Nxf3 26. Rxd7 Nxd7 27.
Bxc7 Nfe5 28. Rd1 Rc8 29. Ba5 f6 30. Rd6 Rc6 31. Rxc6 Nxc6 32. Bc7 e5 33. a4
Nd4 34. axb5 axb5 35. Bd6 Kf7 36. Kg1 Ke6 37. Ba3 f5 38. Kf2 e4 39. g3 g5 40.
g4 Nxc2 41. gxf5+ Kxf5 42. Nxb5 h5 43. Be7 Ne5 44. Nd6+ Ke6 45. Nxe4 Kxe7 46.
Nxg5 Ng6 47. Ne4 Ke6 48. h4 Kf5 49. Ng3+ Kg4 50. b4 Nxb4 51. Nxh5 Kxh5 52. Ke3
Nd5+ 53. Ke4 Nf6+ 54. Kf5 Ng4 55. Ke4 Ne7 56. Kd4 Nh6 57. Ke5 Kg4 58. h5 Nef5
59. Ke4 Ng7 60. Ke5 Kg5 61. Ke4 Kf6 62. Kd5 Kf5 63. Kd4 Ne6+ 64. Kd5 Kf6 65.
Kd6 Nf4 66. Kc5 Ke5 67. Kc4 Ne6 68. Kb5 Kd5 69. Kb4 Nd4 70. Kc3 Ke4 71. Kc4 Ne6
72. Kc3 Nf4 73. Kc4 Nd3 74. Kc3 Ne5 75. Kb4 Kd4 76. Kb5 Kd5 77. Kb4 Nd7 78. Kc3
Nc5 79. Kb4 Kd4 80. Kb5 Kd5 81. Kb4 Nd7 82. Kc3 Ne5 83. Kb4 Kc6 84. Kc3 Kc5 85.
Kd2 Kd4 86. Kc2 Nc6 87. Kb3 Kd3 88. Kb2 Nd4 89. Ka3 Kc4 90. Kb2 Kb4 91. Kc1 Kc3
92. Kd1 Kd3 93. Kc1 Nc2 94. Kb2 Nd4 95. Ka3 Kc3 96. Ka4 Kc4 97. Ka5 Kc5 98. Ka6
Nc6 99. Kb7 Kb5 100. Kc7 Kc5 101. Kb7 Na5+ 102. Ka6 Nc6 103. Kb7 1/2-1/2

[Event "Internet Section 10A g/8'+2\""]
[Site "Dos Hermanas"]
[Date "2004.03.10"]
[Round "6"]
[White "Kosteniuk, Alexandra"]
[Black "Benvenuti, Carlo"]
[Result "1-0"]
[WhiteElo "2451"]
[BlackElo "2174"]
[PlyCount "153"]
[EventDate "2004.03.10"]
[EventType "swiss (blitz)"]
[EventRounds "9"]
[EventCountry "ESP"]
[SourceTitle "EXT 2005"]
[Source "ChessBase"]
[SourceDate "2004.11.15"]
[SourceVersion "1"]
[SourceVersionDate "2004.11.15"]
[SourceQuality "1"]

1. e4 d6 2. d4 Nf6 3. Nc3 c6 4. f4 Qa5 5. Bd3 e5 6. Nf3 Bg4 7. Be3 Nbd7 8. O-O
Be7 9. h3 Bh5 10. Qe1 Bxf3 11. Rxf3 Nh5 12. fxe5 dxe5 13. d5 Bc5 14. Kh1 Bxe3
15. Qxe3 Qb6 16. Qe1 Nf4 17. dxc6 bxc6 18. b3 O-O 19. Bc4 Nc5 20. Qg3 Rad8 21.
Qg5 Qc7 22. Rxf4 exf4 23. Qxc5 f3 24. Rf1 fxg2+ 25. Kxg2 Rd2+ 26. Ne2 Qd8 27.
Bd3 Qh4 28. Qe3 Rxe2+ 29. Bxe2 Re8 30. Bc4 Rxe4 31. Bxf7+ Kh8 32. Bc4 Qe7 33.
Rf8+ Qxf8 34. Qxe4 Qd8 35. Qe3 h6 36. Bd3 Qd5+ 37. Qe4 Qg5+ 38. Qg4 Qd2+ 39.
Qe2 Qg5+ 40. Kh1 Qc1+ 41. Qf1 Qa3 42. Qe1 Qf8 43. Qe4 g6 44. Qe5+ Kh7 45. Qg3
Qf6 46. h4 Qa1+ 47. Kh2 Kh8 48. Qxg6 Qe5+ 49. Qg3 Qf6 50. Qb8+ Kg7 51. Qc7+ Kf8
52. Qb8+ Ke7 53. Qxa7+ Kd8 54. Qe3 Qxh4+ 55. Kg2 Qf6 56. Qg3 Qd4 57. Qf3 Qg7+
58. Kf2 Qd4+ 59. Ke2 h5 60. Qxh5 Qb4 61. Qf7 Kc8 62. Qc4 Qe7+ 63. Qe4 Qc5 64.
a4 Qa3 65. a5 Kc7 66. a6 Kb6 67. Qe3+ c5 68. Qe6+ Ka5 69. a7 Kb4 70. Qc4+ Ka5
71. a8=Q+ Kb6 72. Qb8+ Kc6 73. Qc8+ Kb6 74. Q8xc5+ Kb7 75. Q4b5+ Ka8 76. Qbc6+
Kb8 77. Q5b6# 1-0

[Event "Internet Section 10A g/8'+2\""]
[Site "Dos Hermanas"]
[Date "2004.03.10"]
[Round "8"]
[White "Kosteniuk, Alexandra"]
[Black "Blees, Albert"]
[Result "1-0"]
[WhiteElo "2451"]
[BlackElo "2389"]
[PlyCount "163"]
[EventDate "2004.03.10"]
[EventType "swiss (blitz)"]
[EventRounds "9"]
[EventCountry "ESP"]
[SourceTitle "EXT 2005"]
[Source "ChessBase"]
[SourceDate "2004.11.15"]
[SourceVersion "1"]
[SourceVersionDate "2004.11.15"]
[SourceQuality "1"]

1. e4 c5 2. Nf3 d6 3. d4 cxd4 4. Nxd4 Nf6 5. Nc3 a6 6. f3 e5 7. Nb3 Be7 8. Be3
Be6 9. Qd2 Nbd7 10. g4 Rc8 11. O-O-O b5 12. g5 Nh5 13. Kb1 Nb6 14. Na5 Qc7 15.
Nd5 Nxd5 16. exd5 Bd7 17. h4 Bd8 18. Nc6 O-O 19. Bd3 f5 20. gxf6 Bxf6 21. Rdg1
Bxc6 22. dxc6 Qxc6 23. Be4 Qc7 24. Rg4 Kh8 25. Rhg1 Nf4 26. h5 d5 27. Bf5 Rcd8
28. Bxf4 exf4 29. Bd3 Qe5 30. Qc1 Rfe8 31. Rxf4 Rb8 32. h6 g6 33. Rfg4 Qe3 34.
f4 Qxc1+ 35. Rxc1 Re3 36. f5 g5 37. Rh1 Rbe8 38. a4 Re1+ 39. Rxe1 Rxe1+ 40. Ka2
Rh1 41. axb5 axb5 42. Bxb5 Rxh6 43. Ra4 Rh2 44. Bd3 h5 45. Ra7 g4 46. Rf7 Be5
47. f6 Kg8 48. Rg7+ Kf8 49. Bg6 Bxf6 50. Rf7+ Kg8 51. Rxf6 Kg7 52. Rd6 g3 53.
Bf5 h4 54. Rc6 Rf2 55. Bh3 g2 56. Rc7+ Kf6 57. Rc6+ Kf7 58. Rc7+ Kg6 59. Rc6+
Kg7 60. Rc7+ Kg6 61. Rc6+ Kh5 62. Rc8 Rxc2 63. Rh8+ Kg6 64. Rg8+ Kf6 65. Rxg2
Rc5 66. Rg4 Rc7 67. b4 Ke5 68. Kb3 d4 69. Bf1 Rc3+ 70. Kb2 h3 71. Rh4 Rf3 72.
Bxh3 Rf2+ 73. Kc1 Rh2 74. Rh5+ Kd6 75. Bg4 Rg2 76. Bf3 Rg3 77. Bd1 d3 78. Kd2
Kc6 79. Rc5+ Kb6 80. Rd5 Rg2+ 81. Kxd3 Rb2 82. Kc3 1-0

[Event "Internet Section 10A g/8'+2\""]
[Site "Dos Hermanas"]
[Date "2004.03.10"]
[Round "9"]
[White "Bocharov, Dmitry"]
[Black "Kosteniuk, Alexandra"]
[Result "0-1"]
[WhiteElo "2527"]
[BlackElo "2451"]
[PlyCount "108"]
[EventDate "2004.03.10"]
[EventType "swiss (blitz)"]
[EventRounds "9"]
[EventCountry "ESP"]
[SourceTitle "EXT 2005"]
[Source "ChessBase"]
[SourceDate "2004.11.15"]
[SourceVersion "1"]
[SourceVersionDate "2004.11.15"]
[SourceQuality "1"]

1. d4 Nf6 2. Nf3 g6 3. c4 Bg7 4. g3 d6 5. Bg2 O-O 6. Nc3 Nbd7 7. O-O e5 8. e4
c6 9. Be3 Ng4 10. Bg5 f6 11. Bc1 f5 12. dxe5 Ndxe5 13. exf5 Bxf5 14. Nd4 Bd3
15. Ne6 Qf6 16. Nxf8 Bxf1 17. Qxf1 Rxf8 18. h3 Qxf2+ 19. Qxf2 Nxf2 20. Be3 Nfd3
21. b3 Nxc4 22. bxc4 Bxc3 23. Rb1 Nb2 24. Bf4 Bd4+ 25. Kh2 Rf7 26. Bxd6 Nxc4
27. Bf4 Be5 28. Bh6 Bg7 29. Bf4 Rd7 30. h4 Nb6 31. Bb8 Nd5 32. Bxa7 Nc3 33. Rf1
Nxa2 34. Bh3 Rd2+ 35. Kh1 Re2 36. Bc8 Nc3 37. Rf3 b5 38. Bc5 Ne4 39. Be3 Nf6
40. g4 h5 41. gxh5 gxh5 42. Bg5 Ng4 43. Bd7 Bd4 44. Bf4 Nf2+ 45. Kg2 Nd3+ 46.
Kf1 Re1+ 47. Kg2 Re7 48. Bxc6 Ne1+ 49. Kg3 Nxf3 50. Kxf3 b4 51. Bd6 Re3+ 52.
Kf4 b3 53. Ba3 Rh3 54. Bd5+ Kg7 0-1

[Event "Internet Section 10B g/8'+2\""]
[Site "Dos Hermanas"]
[Date "2004.03.11"]
[Round "1"]
[White "Kosteniuk, Alexandra"]
[Black "Ivanov, Anton"]
[Result "1-0"]
[WhiteElo "2451"]
[BlackElo "2237"]
[PlyCount "39"]
[EventDate "2004.03.10"]
[EventType "swiss (blitz)"]
[EventRounds "9"]
[EventCountry "ESP"]
[SourceTitle "EXT 2005"]
[Source "ChessBase"]
[SourceDate "2004.11.15"]
[SourceVersion "1"]
[SourceVersionDate "2004.11.15"]
[SourceQuality "1"]

1. e4 c6 2. d4 d5 3. Nc3 dxe4 4. Nxe4 e5 5. Nf3 exd4 6. Qxd4 Qxd4 7. Nxd4 Nd7
8. Bf4 Ngf6 9. Nd6+ Bxd6 10. Bxd6 Ne4 11. Ba3 c5 12. Bd3 Nd6 13. O-O-O O-O 14.
Nb5 Ne8 15. Rhe1 b6 16. Be4 Rb8 17. Nxa7 Nef6 18. Nc6 Nxe4 19. Nxb8 Nxf2 20.
Nxd7 1-0

[Event "Internet Section 10B g/8'+2\""]
[Site "Dos Hermanas"]
[Date "2004.03.11"]
[Round "2"]
[White "Walton, Alan J"]
[Black "Kosteniuk, Alexandra"]
[Result "0-1"]
[WhiteElo "2127"]
[BlackElo "2451"]
[PlyCount "56"]
[EventDate "2004.03.10"]
[EventType "swiss (blitz)"]
[EventRounds "9"]
[EventCountry "ESP"]
[SourceTitle "EXT 2005"]
[Source "ChessBase"]
[SourceDate "2004.11.15"]
[SourceVersion "1"]
[SourceVersionDate "2004.11.15"]
[SourceQuality "1"]

1. d4 Nf6 2. Bg5 Ne4 3. Bf4 c5 4. f3 Qa5+ 5. c3 Nf6 6. Nd2 cxd4 7. Nb3 Qd8 8.
cxd4 d5 9. e3 e6 10. Bd3 Bb4+ 11. Kf2 O-O 12. Ne2 Nc6 13. a3 Bd6 14. Bxd6 Qxd6
15. Qc2 b6 16. Rac1 Bb7 17. g4 e5 18. dxe5 Nxe5 19. Nbd4 Rac8 20. Qd2 Rxc1 21.
Rxc1 Nxd3+ 22. Qxd3 Qxh2+ 23. Ke1 Nd7 24. Qf5 Ne5 25. Rc3 Ba6 26. Qf4 Qh1+ 27.
Kd2 Bxe2 28. Qxe5 Qd1# 0-1

[Event "Internet Section 10B g/8'+2\""]
[Site "Dos Hermanas"]
[Date "2004.03.11"]
[Round "3"]
[White "Kosteniuk, Alexandra"]
[Black "Golubev, Mikhail"]
[Result "1-0"]
[WhiteElo "2451"]
[BlackElo "2536"]
[PlyCount "93"]
[EventDate "2004.03.10"]
[EventType "swiss (blitz)"]
[EventRounds "9"]
[EventCountry "ESP"]
[SourceTitle "EXT 2005"]
[Source "ChessBase"]
[SourceDate "2004.11.15"]
[SourceVersion "1"]
[SourceVersionDate "2004.11.15"]
[SourceQuality "1"]

1. e4 c5 2. Nf3 d6 3. d4 cxd4 4. Nxd4 Nf6 5. Nc3 g6 6. Be3 Bg7 7. f3 Nc6 8. Qd2
O-O 9. Bc4 Bd7 10. O-O-O Rc8 11. Bb3 Nxd4 12. Bxd4 b5 13. Nd5 Nxd5 14. Bxg7
Kxg7 15. exd5 a5 16. a3 b4 17. axb4 axb4 18. Qxb4 Kg8 19. Rhe1 Re8 20. Rd4 Rb8
21. Qd2 Ra8 22. Qh6 Qa5 23. Kd1 Qa1+ 24. Qc1 Qa7 25. c3 Qb6 26. Bc4 Ra5 27. Ke2
e5 28. dxe6 Bxe6 29. Kf2 Re5 30. Bf1 Rxe1 31. Kxe1 Bc4+ 32. Kf2 Bxf1 33. Kxf1
Qa6+ 34. Kg1 Re2 35. Qf1 Qb5 36. b4 Qe5 37. Rd1 Rc2 38. c4 Qe3+ 39. Kh1 Rf2 40.
Qg1 Qe2 41. Ra1 Qb2 42. b5 Rxg2 43. Ra8+ Kg7 44. Qxg2 Qd4 45. Qe2 h5 46. Ra2 h4
47. Qb2 1-0

[Event "Internet Section 10B g/8'+2\""]
[Site "Dos Hermanas"]
[Date "2004.03.11"]
[Round "4"]
[White "Echavarria, Johann"]
[Black "Kosteniuk, Alexandra"]
[Result "0-1"]
[WhiteElo "2351"]
[BlackElo "2451"]
[PlyCount "154"]
[EventDate "2004.03.10"]
[EventType "swiss (blitz)"]
[EventRounds "9"]
[EventCountry "ESP"]
[SourceTitle "EXT 2005"]
[Source "ChessBase"]
[SourceDate "2004.11.15"]
[SourceVersion "1"]
[SourceVersionDate "2004.11.15"]
[SourceQuality "1"]

1. e4 c5 2. Nf3 d6 3. d4 cxd4 4. Nxd4 Nf6 5. Nc3 Nc6 6. Bc4 e6 7. Be3 a6 8. Bb3
Qc7 9. f4 Be7 10. f5 Nxd4 11. Qxd4 O-O 12. fxe6 Bxe6 13. O-O-O Bxb3 14. axb3
Rac8 15. Qb6 Qxb6 16. Bxb6 Rfe8 17. Rhe1 Rc6 18. Bd4 Ng4 19. h3 Ne5 20. Bxe5
dxe5 21. Rd7 b5 22. Red1 Bg5+ 23. Kb1 Rec8 24. Rf1 f6 25. Nd5 Kf8 26. c3 Re6
27. Kc2 h5 28. Ra1 Rcc6 29. Nc7 Red6 30. Rd1 Rxd1 31. Kxd1 h4 32. Kc2 g6 33.
Kd3 f5 34. Nd5 Bc1 35. Kc2 Bg5 36. Kd3 Bc1 37. Nb4 Re6 38. Kc2 Bf4 39. Ra7 Rd6
40. Nd5 fxe4 41. c4 Bg3 42. Kc3 Be1+ 43. Kc2 Bf2 44. Rc7 Bd4 45. Rb7 Rc6 46.
Rc7 Rd6 47. Rb7 g5 48. Rc7 Rg6 49. Rb7 g4 50. cxb5 axb5 51. Rxb5 gxh3 52. gxh3
Rg2+ 53. Kd1 Rg3 54. Rb7 Rxh3 55. Rd7 Rf3 56. Ke2 h3 57. Rh7 Rf2+ 58. Ke1 h2
59. Nf6 Rxf6 60. Rxh2 Ke7 61. Kd2 Ke6 62. b4 Kd5 63. Kc2 e3 64. Rh5 Kc4 65. b3+
Kxb4 66. Kd3 Kxb3 67. Rh8 Rc6 68. Rb8+ Ka2 69. Rb7 Rb6 70. Ra7+ Kb3 71. Rc7 Kb2
72. Rc2+ Kb1 73. Rc8 Rb3+ 74. Ke2 Rb2+ 75. Ke1 Rc2 76. Rb8+ Kc1 77. Rb7 Bc3+
0-1

[Event "Internet Section 10B g/8'+2\""]
[Site "Dos Hermanas"]
[Date "2004.03.11"]
[Round "5"]
[White "Kosteniuk, Alexandra"]
[Black "Strikovic, Aleksa"]
[Result "1-0"]
[WhiteElo "2451"]
[BlackElo "2520"]
[PlyCount "139"]
[EventDate "2004.03.10"]
[EventType "swiss (blitz)"]
[EventRounds "9"]
[EventCountry "ESP"]
[SourceTitle "EXT 2005"]
[Source "ChessBase"]
[SourceDate "2004.11.15"]
[SourceVersion "1"]
[SourceVersionDate "2004.11.15"]
[SourceQuality "1"]

1. e4 d6 2. d4 Nf6 3. Nc3 Nbd7 4. Nf3 e5 5. Bc4 Be7 6. O-O O-O 7. Re1 c6 8. a4
a5 9. h3 exd4 10. Nxd4 Nc5 11. Bf4 Qb6 12. b3 Re8 13. Bh2 Bf8 14. Qf3 Bd7 15.
Rad1 Rad8 16. Bg3 Be6 17. Nxe6 Nxe6 18. Bh4 Be7 19. e5 dxe5 20. Bxe6 fxe6 21.
Rxe5 Rxd1+ 22. Nxd1 Qd4 23. Bxf6 Bxf6 24. Re1 Qd2 25. Qe2 Qxe2 26. Rxe2 Kf7 27.
Ne3 b5 28. Rd2 Ke7 29. Kf1 Rb8 30. Rd3 bxa4 31. Nc4 axb3 32. cxb3 Rb5 33. Ke2
Rc5 34. Ne3 h5 35. Rd2 Bg5 36. Ra2 Bxe3 37. Kxe3 Kd6 38. Ke4 Rd5 39. h4 Kc7 40.
Rc2 Rb5 41. Rc3 Kb6 42. Rg3 c5 43. f4 Kc6 44. Rd3 a4 45. bxa4 Rb4+ 46. Ke5 Rxa4
47. Rd6+ Kb5 48. Rxe6 Ra7 49. Ke4 Rd7 50. Re5 g6 51. g3 Kb4 52. Re6 Rg7 53.
Rb6+ Kc4 54. Ke5 Kd3 55. Kf6 Rg8 56. Kf7 Rc8 57. Kxg6 c4 58. Kxh5 c3 59. Rb1 c2
60. Rc1 Kd2 61. Rh1 c1=Q 62. Rxc1 Rxc1 63. f5 Ke3 64. f6 Ke4 65. f7 Rf1 66. Kg6
Rf3 67. g4 Rf4 68. g5 Ke5 69. Kg7 Ke6 70. f8=Q 1-0

[Event "Internet Section 10B g/8'+2\""]
[Site "Dos Hermanas"]
[Date "2004.03.11"]
[Round "6"]
[White "Vasquez Schroder, Rodrigo Rafael"]
[Black "Kosteniuk, Alexandra"]
[Result "0-1"]
[WhiteElo "2521"]
[BlackElo "2451"]
[PlyCount "60"]
[EventDate "2004.03.10"]
[EventType "swiss (blitz)"]
[EventRounds "9"]
[EventCountry "ESP"]
[SourceTitle "EXT 2005"]
[Source "ChessBase"]
[SourceDate "2004.11.15"]
[SourceVersion "1"]
[SourceVersionDate "2004.11.15"]
[SourceQuality "1"]

1. e4 c5 2. Nf3 d6 3. d4 cxd4 4. Nxd4 Nf6 5. Nc3 a6 6. Bg5 e6 7. f4 Qb6 8. Qd2
Qxb2 9. Rb1 Qa3 10. f5 Nc6 11. fxe6 fxe6 12. Nxc6 bxc6 13. e5 dxe5 14. Bxf6
gxf6 15. Ne4 Be7 16. Be2 h5 17. Rf1 f5 18. Rf3 Qxa2 19. Rfb3 Qa4 20. Nd6+ Bxd6
21. Qxd6 Qa5+ 22. Kf1 Ra7 23. Rb8 Kf7 24. Qxc6 Rc7 25. Qd6 Rd7 26. Qc6 Qc7 27.
Qa4 Rd4 28. Qa3 h4 29. h3 Rg8 30. Qf3 Rf4 0-1

[Event "Internet Section 10B g/8'+2\""]
[Site "Dos Hermanas"]
[Date "2004.03.11"]
[Round "7"]
[White "Kosteniuk, Alexandra"]
[Black "Gustafsson, Jan"]
[Result "1-0"]
[WhiteElo "2451"]
[BlackElo "2571"]
[PlyCount "135"]
[EventDate "2004.03.10"]
[EventType "swiss (blitz)"]
[EventRounds "9"]
[EventCountry "ESP"]
[SourceTitle "EXT 2005"]
[Source "ChessBase"]
[SourceDate "2004.11.15"]
[SourceVersion "1"]
[SourceVersionDate "2004.11.15"]
[SourceQuality "1"]

1. e4 e5 2. Nf3 Nc6 3. Bb5 a6 4. Ba4 Nf6 5. O-O Be7 6. Re1 b5 7. Bb3 d6 8. c3
O-O 9. h3 Na5 10. Bc2 c5 11. d4 Nd7 12. Nbd2 exd4 13. cxd4 Nc6 14. Nf1 cxd4 15.
Nxd4 Nxd4 16. Qxd4 Ne5 17. Rd1 Be6 18. Ne3 Rc8 19. Bb3 Nc4 20. Nd5 Bxd5 21.
Qxd5 Qb6 22. Bxc4 bxc4 23. Rb1 Rfd8 24. Be3 Qb5 25. Qd2 Bf6 26. Bd4 Bxd4 27.
Qxd4 h6 28. Rbc1 Qa4 29. a3 Qb5 30. Rc2 Rc5 31. Rdc1 d5 32. b3 Rcc8 33. exd5
Qxb3 34. Rxc4 Rxc4 35. Rxc4 Qxa3 36. Rc6 a5 37. d6 Qb4 38. Qe5 Qb1+ 39. Kh2 Qg6
40. Ra6 a4 41. Qc5 Qf6 42. Qb4 Qxf2 43. Qxa4 Qf6 44. Qd1 h5 45. Kh1 h4 46. Qd3
Qf4 47. Rc6 Qf6 48. Qd5 Qf1+ 49. Kh2 Qf4+ 50. Kh1 Qf1+ 51. Kh2 Qf4+ 52. Kh1 Qf6
53. Kg1 Qa1+ 54. Kh2 Qf6 55. d7 Qf4+ 56. Kg1 Qe3+ 57. Kf1 Qf4+ 58. Ke2 Qb8 59.
Rc4 Qb2+ 60. Ke3 Qb3+ 61. Kd2 Qb2+ 62. Rc2 Qb4+ 63. Kd3 Qa3+ 64. Rc3 Qa6+ 65.
Kd2 g6 66. Rc6 Qa8 67. Rxg6+ Kf8 68. Qd6# 1-0

[Event "Internet Section 10B g/8'+2\""]
[Site "Dos Hermanas"]
[Date "2004.03.11"]
[Round "8"]
[White "Mamedyarov, Shakhriyar"]
[Black "Kosteniuk, Alexandra"]
[Result "1/2-1/2"]
[WhiteElo "2595"]
[BlackElo "2451"]
[PlyCount "129"]
[EventDate "2004.03.10"]
[EventType "swiss (blitz)"]
[EventRounds "9"]
[EventCountry "ESP"]
[SourceTitle "EXT 2005"]
[Source "ChessBase"]
[SourceDate "2004.11.15"]
[SourceVersion "1"]
[SourceVersionDate "2004.11.15"]
[SourceQuality "1"]

1. e4 c5 2. Nc3 Nc6 3. Bb5 Nd4 4. Bc4 e6 5. Nge2 Ne7 6. Nxd4 cxd4 7. Ne2 Nc6 8.
d3 Bc5 9. O-O O-O 10. Bf4 d6 11. Qd2 e5 12. Bg5 Qc7 13. c3 Be6 14. cxd4 Nxd4
15. Rac1 Bxc4 16. Rxc4 b5 17. Rcc1 Qb6 18. Nc3 Bb4 19. Be3 Qb7 20. Qd1 Bxc3 21.
bxc3 Ne6 22. Qb3 Nc5 23. Qb1 Rfc8 24. f4 a6 25. fxe5 dxe5 26. Rf5 f6 27. Rff1
Qf7 28. Rf3 Rc6 29. d4 Na4 30. dxe5 Nxc3 31. Qd3 Qc4 32. Rxc3 Qxc3 33. Qd5+ Kh8
34. Bd4 Qc1+ 35. Rf1 fxe5 36. Rxc1 Rxc1+ 37. Kf2 Rf8+ 38. Kg3 exd4 39. Qxd4 Rc6
40. Qe5 h6 41. Kh3 Rc2 42. Qd6 Rff2 43. Qxa6 Rxg2 44. Qxb5 Rxh2+ 45. Kg3 Rhg2+
46. Kf3 Rxa2 47. e5 Raf2+ 48. Ke4 Kh7 49. Kd5 Rd2+ 50. Ke6 Rg5 51. Qb1+ Rg6+
52. Kf7 Rf2+ 53. Ke8 Rfg2 54. e6 Rg1 55. Qc2 R1g2 56. Qb1 Rg1 57. Qe4 R1g4 58.
Qd5 R4g5 59. Qd3 Rg3 60. Qb1 Rg1 61. Qc2 R1g2 62. Qb1 Rg1 63. Qc2 R1g2 64. Qb1
Rg1 65. Qc2 1/2-1/2

[Event "Internet Section 10B g/8'+2\""]
[Site "Dos Hermanas"]
[Date "2004.03.11"]
[Round "9"]
[White "Kosteniuk, Alexandra"]
[Black "Jaracz, Pawel"]
[Result "1-0"]
[WhiteElo "2451"]
[BlackElo "2542"]
[PlyCount "87"]
[EventDate "2004.03.10"]
[EventType "swiss (blitz)"]
[EventRounds "9"]
[EventCountry "ESP"]
[SourceTitle "EXT 2005"]
[Source "ChessBase"]
[SourceDate "2004.11.15"]
[SourceVersion "1"]
[SourceVersionDate "2004.11.15"]
[SourceQuality "1"]

1. e4 c5 2. Nf3 e6 3. d4 cxd4 4. Nxd4 Nc6 5. Nb5 d6 6. c4 Nf6 7. N1c3 a6 8. Na3
b6 9. Be2 Bb7 10. O-O Be7 11. Be3 Nd7 12. Qd2 O-O 13. Rfd1 Re8 14. Nc2 Qc7 15.
Rac1 Rac8 16. b3 Qb8 17. f3 Red8 18. Bf1 Nc5 19. b4 Nd7 20. Na4 Ba8 21. Qf2 b5
22. cxb5 axb5 23. Nc3 Nce5 24. Ba7 Qb7 25. Nxb5 Nc4 26. Bxc4 Rxc4 27. Nxd6 Bxd6
28. Rxd6 Rdc8 29. Be3 h6 30. Rcd1 Rxc2 31. Rxd7 Qxb4 32. Qg3 g6 33. Qe5 Qf8 34.
Bd4 Kh7 35. Qxe6 R8c7 36. Rxc7 Rxc7 37. Qf6 Rc6 38. Qf4 Rd6 39. Rd2 Rc6 40. h4
Bb7 41. h5 gxh5 42. Qf5+ Rg6 43. Bc3 Bc8 44. Rd8 1-0

[Event "EU-ch (Women) 5th"]
[Site "Dresden"]
[Date "2004.03.21"]
[Round "1"]
[White "Richards, Heather"]
[Black "Kosteniuk, Alexandra"]
[Result "0-1"]
[WhiteElo "2236"]
[BlackElo "2469"]
[PlyCount "74"]
[EventDate "2004.03.21"]
[EventType "swiss"]
[EventRounds "12"]
[EventCountry "GER"]
[SourceTitle "CBM 099 Extra"]
[Source "ChessBase"]
[SourceDate "2004.05.04"]
[SourceVersion "1"]
[SourceVersionDate "2004.05.04"]
[SourceQuality "1"]

1. e4 c5 2. c3 Nf6 3. e5 Nd5 4. Nf3 Nc6 5. Bc4 Nb6 6. Bb3 c4 7. Bc2 d5 8. exd6
Qxd6 9. O-O Bg4 10. Re1 e6 11. b3 Be7 12. Na3 Qc5 13. bxc4 Qa5 14. Nb1 Nxc4 15.
d4 O-O 16. Bd3 Nd6 17. Ba3 Bxf3 18. Qxf3 Nxd4 19. Qh3 N4f5 20. g4 Nh6 21. Qg3
Rfd8 22. Bc1 Kh8 23. Re5 Qa4 24. Bxh6 gxh6 25. Nd2 Ne8 26. Nb3 Bd6 27. Bc2 Bxe5
28. Qxe5+ f6 29. Qh5 Qf4 30. Re1 Ng7 31. Qh3 h5 32. Re4 Qg5 33. Nd4 f5 34. Re3
hxg4 35. Qg2 Rd7 36. Nxe6 Nxe6 37. Rxe6 Qc1+ 0-1

[Event "EU-ch (Women) 5th"]
[Site "Dresden"]
[Date "2004.03.23"]
[Round "3"]
[White "Sedina, Elena"]
[Black "Kosteniuk, Alexandra"]
[Result "1-0"]
[WhiteElo "2393"]
[BlackElo "2469"]
[PlyCount "97"]
[EventDate "2004.03.21"]
[EventType "swiss"]
[EventRounds "12"]
[EventCountry "GER"]
[SourceTitle "CBM 099 Extra"]
[Source "ChessBase"]
[SourceDate "2004.05.04"]
[SourceVersion "1"]
[SourceVersionDate "2004.05.04"]
[SourceQuality "1"]

1. e4 c5 2. Nf3 Nc6 3. Bb5 d6 4. O-O Bd7 5. Re1 Nf6 6. c3 a6 7. Bxc6 Bxc6 8. d4
Bxe4 9. Bg5 Bd5 10. Nbd2 b5 11. b3 c4 12. bxc4 bxc4 13. Nf1 e6 14. Ne3 Qa5 15.
Bxf6 gxf6 16. Nd2 Rg8 17. Ndxc4 Bxc4 18. Nxc4 Qb5 19. Ne3 Bh6 20. Rb1 Qa5 21.
Qf3 Rd8 22. Nd5 Kf8 23. Nxf6 Rg6 24. Rb7 Qf5 25. Qxf5 exf5 26. Nd5 Re6 27. Rxe6
fxe6 28. Rxh7 exd5 29. Rxh6 Ke7 30. Rh7+ Ke6 31. h4 Rc8 32. h5 Kf6 33. h6 Kg6
34. Rd7 Kxh6 35. Rxd6+ Kg5 36. Rxd5 Rxc3 37. Ra5 Rd3 38. g3 Rxd4 39. Rxa6 f4
40. Kg2 Kg4 41. gxf4 Kxf4 42. a4 Kf5 43. a5 Rg4+ 44. Kf1 Ke5 45. Ra8 Kd6 46. f3
Ra4 47. Kf2 Kc6 48. a6 Kb6 49. Kg3 1-0

[Event "EU-ch (Women) 5th"]
[Site "Dresden"]
[Date "2004.03.24"]
[Round "4"]
[White "Kosteniuk, Alexandra"]
[Black "Mamedjarova, Zeinab"]
[Result "1-0"]
[WhiteElo "2469"]
[BlackElo "2341"]
[PlyCount "123"]
[EventDate "2004.03.21"]
[EventType "swiss"]
[EventRounds "12"]
[EventCountry "GER"]
[SourceTitle "CBM 099 Extra"]
[Source "ChessBase"]
[SourceDate "2004.05.04"]
[SourceVersion "1"]
[SourceVersionDate "2004.05.04"]
[SourceQuality "1"]

1. e4 c5 2. Nf3 Nc6 3. d4 cxd4 4. Nxd4 Nf6 5. Nc3 e5 6. Ndb5 d6 7. Bg5 a6 8.
Na3 b5 9. Bxf6 gxf6 10. Nd5 Bg7 11. Bd3 Ne7 12. Nxe7 Qxe7 13. c4 O-O 14. O-O f5
15. Qf3 bxc4 16. Nxc4 d5 17. exd5 e4 18. Qe3 Qf6 19. Be2 Bb7 20. Rfd1 Rad8 21.
d6 f4 22. Qh3 Qe6 23. Qh4 Kh8 24. d7 Rxd7 25. Rxd7 Qxd7 26. Rd1 Qc7 27. Nd6 Bc8
28. Nxe4 Bxb2 29. Nd6 f6 30. Bc4 Kg7 31. Nxc8 Qxc4 32. Rd7+ Rf7 33. Qg4+ Kh6
34. Rd1 Be5 35. g3 Qc2 36. Nd6 Bxd6 37. Rxd6 fxg3 38. hxg3 Qxa2 39. Kg2 Qb1 40.
Rd4 Qb7+ 41. Kh2 Rg7 42. Qf5 Rg6 43. Qh3+ Kg7 44. Rd7+ Qxd7 45. Qxd7+ Kh6 46.
f4 Rg7 47. Qe6 Kg6 48. g4 Rf7 49. Qxa6 Kg7 50. Kg3 Re7 51. Kh4 Rf7 52. g5 h6
53. gxf6+ Rxf6 54. Qb7+ Rf7 55. Qe4 Rf6 56. Kh5 Kf7 57. f5 Kf8 58. Qe5 Kf7 59.
Kg4 Kg7 60. Kh4 Kf7 61. Kh5 Kg7 62. Qe7+ 1-0

[Event "EU-ch (Women) 5th"]
[Site "Dresden"]
[Date "2004.03.25"]
[Round "5"]
[White "Kosteniuk, Alexandra"]
[Black "Bojkovic, Natasa"]
[Result "1/2-1/2"]
[WhiteElo "2469"]
[BlackElo "2391"]
[PlyCount "103"]
[EventDate "2004.03.21"]
[EventType "swiss"]
[EventRounds "12"]
[EventCountry "GER"]
[SourceTitle "CBM 099 Extra"]
[Source "ChessBase"]
[SourceDate "2004.05.04"]
[SourceVersion "1"]
[SourceVersionDate "2004.05.04"]
[SourceQuality "1"]

1. e4 c5 2. Nf3 e6 3. d4 cxd4 4. Nxd4 a6 5. Nc3 Qc7 6. Be2 b5 7. O-O Bb7 8. Re1
Nc6 9. Nxc6 dxc6 10. e5 Bb4 11. Bd2 Rd8 12. Bd3 c5 13. Qg4 Ne7 14. a3 Bxc3 15.
Bxc3 c4 16. Be4 Bxe4 17. Rxe4 O-O 18. h4 Rd5 19. h5 Nf5 20. Rae1 Rfd8 21. Rf4
h6 22. Qf3 a5 23. Kh2 Nd4 24. Qe4 Nc6 25. b4 cxb3 26. cxb3 b4 27. axb4 axb4 28.
Bb2 Rd2 29. Re2 Ne7 30. Qe3 Rxe2 31. Qxe2 Nd5 32. Rc4 Qa7 33. Bc1 Qa1 34. Bd2
Qb2 35. Qe1 Qxb3 36. Rg4 Kf8 37. Qc1 Nc3 38. Bxh6 gxh6 39. Qxh6+ Ke8 40. Qf6
Kd7 41. Rd4+ Nd5 42. Qxf7+ Kc6 43. Qxe6+ Kc5 44. Rh4 Qd3 45. h6 b3 46. h7 b2
47. h8=Q Rxh8 48. Qd6+ Kb5 49. Rxh8 b1=Q 50. Rb8+ Kc4 51. Rxb1 Qxb1 52. Qh6
1/2-1/2